LEADER 01708nam a2200325 i 4500 001 991003116339707536 005 20240328141914.0 008 020211s2001 it ||| | ita 020 $a9788814086816 035 $ab11756615-39ule_inst 035 $aLE02522975 040 $aFac. Economia$bita 082 04$a657.0218 100 1 $aAdamo, Stefano$0116710 245 10$aProblemi di armonizzazione dell'informazione contabile :$bprocessi, attori, strumenti, un modello interpretativo /$cStefano Adamo 260 $aMilano :$bGiuffrè,$c2001 300 $aXII, 164 p. ;$c24 cm 650 4$aAziende$xContabilità$xStandardizzazione 907 $a.b11756615$b02-04-14$c27-11-02 912 $a991003116339707536 945 $aLE025 ECO 657 ADA01.02$g1$i2025000124134$lle025$o-$pE0.00$q-$rn$so$t0$u12$v7$w12$x0$y.i12000760$z27-11-02 945 $aLE025 ECO 657 ADA01.02$g2$i2025000077843$lle025$o-$pE0.00$q-$rn$so$t0$u14$v8$w14$x0$y.i12000772$z27-11-02 945 $aLE025 ECO 657 ADA01.02$g3$i2025000087415$lle025$o-$pE12.39$q-$rl$s-$t0$u6$v6$w6$x0$y.i12516028$z16-05-03 945 $aLE025 ECO 657 ADA01.02$g4$i2025000087422$lle025$o-$pE12.39$q-$rl$s-$t0$u6$v1$w6$x0$y.i12516041$z16-05-03 945 $aLE025 ECO 657 ADA01.02$g5$i2025000087811$lle025$og$pE12.39$q-$rl$s-$t0$u15$v6$w15$x0$y.i12527580$z29-05-03 945 $aLE025 ECO 657 ADA01.02$g6$i2025000087828$lle025$og$pE12.39$q-$rl$s-$t0$u8$v2$w8$x0$y.i12527592$z29-05-03 945 $aLE025 ECO 657 ADA01.02$g7$i2025000172173$lle025$o-$pE0.00$q-$rl$s-$t0$u6$v7$w6$x0$y.i13854598$z23-09-04 996 $aProblemi di armonizzazione dell'informazione contabile$9512180 997 $aUNISALENTO 998 $ale025$b01-01-02$cm$da$e-$fita$git$h0$i2